• 首页
  • 本馆介绍
  • 公告通知
  • 最新文献
  • 馆藏检索
  • 电子资源
  • 读者导购
  • 参考咨询
  • 我的图书馆
  • 登录
  • 详细信息显示
  • 放入我的书架
  • 预约/预借图书
  • 作者相关作品
  • 分类相关作品
  • 丛书相关作品
  • 出版社相关作品

书目信息

  • 表格格式
  • 工作单格式
  • 卡片格式
书名: Testing for language teachers
作者: Arthur Hughes.
分册号:
分册名:
出版地: Cambridge [England] :
 
出版社: Cambridge University Press
出版时间: 1989.
页数: ix, 172 p. :
开本: 24 cm.
丛书名: Cambridge handbooks for language teachers
中图分类号:
科图分类号:
其他分类号: H09
主题词:
电子资源:
000 01295pam a2200493 a 4500
001 E0733820127
003 CAL
005 20070728092811.32
008 881122s1989 enka b 00110 eng
010    @a 88038590
020    @a756001898X.
020    @a0521272602 (pbk.).
020    @a0521252644.
040    @aDLC@cDLC@dDLC
050 00 @aP53.4@b.H84 1989
082 00 @a407.6@219
090    @aH09
093    @aH09
099    @dH09@ex16
100 1  @aHughes, Arthur,@d1941-
245 10 @aTesting for language teachers / @cArthur Hughes.
260    @aCambridge [England] :@bCambridge University Press,@c1989.
300    @aix, 172 p. :@bill. ;@c24 cm.
440  0 @aCambridge handbooks for language teachers
500    @aIncludes index.
504    @aBibliography: p. 166-169.
650  0 @aLanguage and languages@xAbility testing.
920    @a231030@bH09@cH893T@z1
920    @a244050@z2
920    @a242020@z2
920    @a211060@z1
920    @a242120@z1
920    @a251430@z1
920    @a212020@z1
920    @a211010@bH09@cH874 @z1
920    @a223010@z1
920    @a211290@z1
920    @a211270@z1
920    @a211162@z1
920    @a242030@z2
920    @a261020@z1
920    @a237010@z1
920    @a243040@z1
998    @aPUL
    
    Testing for language teachers / / Arthur Hughes.-Cambridge [England] : : Cambridge University Press, , 1989.
    ix, 172 p. : : ill. ; ; 24 cm.- (Cambridge handbooks for language teachers)
    Includes index.-Bibliography: p. 166-169.
    
    ISBN 756001898X.
    
●
相关链接 在E读中查询图书 在五车中查询图书 在当当中查询图书 在豆瓣中查询图书


正题名:Testing for language teachers     索取号:H09/x16         预约/预借

序号 登录号 条形码 馆藏地/架位号 状态 备注
1 14377   300143770   第二样本阅览室/ [索取号:H09/x16] 在馆    
2 14378   300143789   密集书库/ [索取号:H09/x16] 在馆    
3 14379   300143798   密集书库/ [索取号:H09/x16] 在馆    
唐山师范学院图书馆 欢迎您!
大连网信软件有限公司© 版权所有